| 000 | 00848nam a2200205 a 4500 | ||
|---|---|---|---|
| 003 | AM-YeHGA | ||
| 040 | _aAM-YeHGA | ||
| 090 | _c447957 | ||
| 005 | 20250617160051.0 | ||
| 008 | 131025s1937 ru r 000 0 rus d | ||
| 041 | 0 | _arus | |
| 100 | 1 | _aДик, Владимир Гаврилович | |
| 245 | 1 | 0 |
_aТуристические и курортные богатства Советской Армении / _cВ. Г. Дик; С предисл. В. А. Александрова; Под ред. А. А. Акопяна |
| 260 |
_aЕреван: _bб.и.,, _c1937. |
||
| 300 | _a93 с. | ||
| 653 | 0 | _aТуристические и курортные места - Армянская ССР | |
| 700 | 1 |
_aАкопян, А А _eред. _4edt |
|
| 700 | 1 |
_aАлександров, В. А. _eавт. предисл. _4aui |
|
| 942 |
_2udc _cBK |
||
| 999 |
_c445117 _d445117 |
||